[Event "Titled Tue 17th Jun Early"]
[Site "chess.com INT"]
[Date "2025.06.17"]
[Round "1"]
[White "Essing, Arnold"]
[Black "Yelisieiev, Yevhenii"]
[Result "1/2-1/2"]
[WhiteTitle "FM"]
[BlackTitle "IM"]
[WhiteElo "2197"]
[BlackElo "2412"]
[WhiteFideId "4619862"]
[BlackFideId "14139642"]
[EventDate "2025.06.17"]

1. d4 d6 2. Nf3 Nf6 3. c4 Nbd7 4. Bf4 g6 5. e3 Bg7 6. h3 O-O 7. Nc3 c5 8. Be2 b6
9. O-O Bb7 10. d5 a6 11. a4 Ne8 12. e4 e5 13. dxe6 fxe6 14. Bxd6 Rf7 15. Bg3
Nef6 16. Qc2 Nh5 17. Bh2 Nf4 18. Rad1 Qf6 19. Bxf4 Qxf4 20. Qd2 Ne5 21. Qxf4
Rxf4 22. Nxe5 Bxe5 23. Rd7 Bc6 24. Re7 Rf6 25. Bg4 Re8 26. Rxe8+ Bxe8 27. f4
Rxf4 28. Bxe6+ Kf8 29. Rxf4+ Bxf4 30. Bc8 Bc1 31. b3 a5 32. Nd5 Bc6 33. Kf2 Bb2
34. Kf3 Be5 35. Nxb6 Ke7 36. Nd5+ Kd6 37. Bg4 h5 38. Bc8 Be8 39. Ba6 Bf7 40. Bb5
Be6 41. g4 hxg4+ 42. hxg4 g5 43. Be8 Bd4 44. Bg6 Ke5 45. Bf5 Bxd5 46. exd5 Bc3
47. d6 Kxd6 48. Ke4 Bd2 49. Bc8 Bf4 50. Kf5 Bc1 51. Bb7 Bd2 52. Bd5 Bc1 53. Bg8
Bd2 54. Bd5 Bc1 55. Bg8 Bd2 56. Bd5 1/2-1/2

[Event "Titled Tue 17th Jun Early"]
[Site "chess.com INT"]
[Date "2025.06.17"]
[Round "1"]
[White "Tin, Jingyao"]
[Black "Garcia, Jhoel"]
[Result "1-0"]
[WhiteTitle "GM"]
[BlackTitle "IM"]
[WhiteElo "2583"]
[BlackElo "2293"]
[WhiteFideId "5804418"]
[BlackFideId "3801110"]
[EventDate "2025.06.17"]

1. d4 Nf6 2. c4 e6 3. Nc3 Bb4 4. e3 b6 5. Qf3 d5 6. Bd2 Bb7 7. cxd5 exd5 8. Bd3
Qe7 9. Nge2 Ne4 10. O-O-O Nd7 11. Kb1 O-O 12. Qh3 Ndf6 13. Nxe4 Nxe4 14. Bxb4
Qxb4 15. Ng3 f5 16. Nxf5 Bc8 17. Bxe4 dxe4 18. g4 g6 19. Rhg1 gxf5 20. gxf5+ Kh8
21. Rg5 Qe7 22. Rdg1 Bd7 23. Qg3 Qf6 24. Qxc7 Rf7 25. a3 Re8 26. Qg3 Rff8 27.
Qc7 Re7 28. Qg3 Ree8 29. h4 Bxf5 30. Rxf5 Qg6 31. Rxf8+ Rxf8 32. Qe5+ Qf6 33.
Qxf6+ Rxf6 34. Rg4 Rxf2 35. Rxe4 Rf1+ 36. Ka2 Rf7 37. Kb3 Kg7 38. Kc4 Kf8 39.
Rf4 Kg7 40. Rxf7+ Kxf7 41. d5 Ke7 42. Kd4 Kd6 43. e4 b5 44. e5+ Kd7 45. Kc5 Ke7
46. Kc6 Kf7 47. Kc7 Kg6 48. d6 Kf5 49. d7 b4 50. d8=Q bxa3 51. Qf6+ Ke4 52. bxa3
Kd3 53. e6 Kc2 54. Qf3 1-0

[Event "Titled Tue 17th Jun Early"]
[Site "chess.com INT"]
[Date "2025.06.17"]
[Round "1"]
[White "Tuguldur, Soninbayar"]
[Black "Zepeda Berlanga, Jan Enrique"]
[Result "1-0"]
[WhiteTitle "CM"]
[BlackTitle "CM"]
[WhiteElo "2120"]
[BlackElo "1984"]
[WhiteFideId "4921224"]
[BlackFideId "5132355"]
[EventDate "2025.06.17"]

1. d4 Nf6 2. Bf4 d5 3. e3 c5 4. Nf3 Nc6 5. c3 Qb6 6. Qc1 g6 7. Bd3 Nh5 8. Bg5 h6
9. Bh4 g5 10. Bg3 Nxg3 11. hxg3 Bg7 12. Nbd2 Bd7 13. Rb1 Rc8 14. Qd1 cxd4 15.
exd4 Kf8 16. Qe2 Re8 17. O-O e5 18. dxe5 Nxe5 19. Nxe5 Bxe5 20. Qh5 Kg7 21. Rfe1
Bxg3 22. Rf1 Bf4 23. Nf3 Re7 24. Nd4 Rhe8 25. Bf5 Qf6 26. Qg4 Bc6 27. Rbd1 Kh8
28. Bd3 Bd7 29. Qh5 Be5 30. Nb3 b6 31. Be2 Bc6 32. Bf3 Rd7 33. Rfe1 Rdd8 34. g3
a5 35. Kg2 a4 36. Nd4 Bxd4 37. Rxe8+ Rxe8 38. Rxd4 Rd8 39. a3 Qg6 40. Qxg6 fxg6
41. c4 Kg7 42. cxd5 Bb7 43. Rb4 Bxd5 44. Rxb6 g4 45. Bxd5 Rxd5 46. Rb4 Rd2 47.
Rxg4 Rxb2 48. Rxa4 Ra2 49. Ra6 h5 50. Kf3 Kh6 51. a4 Kg5 52. Kg2 Kf5 53. a5 Ra4
54. Ra8 h4 55. gxh4 Rxh4 56. a6 Ra4 57. Kf3 Ra3+ 58. Ke2 Kg4 59. Kd2 g5 60. Kc2
Ra2+ 61. Kb3 Ra1 62. Kb4 Kf3 63. Rf8+ Kg2 64. Kb5 g4 65. Kb6 Rb1+ 66. Ka7 1-0

[Event "Titled Tue 17th Jun Early"]
[Site "chess.com INT"]
[Date "2025.06.17"]
[Round "1"]
[White "Lazavik, Denis"]
[Black "Yildiz, Egehan"]
[Result "1/2-1/2"]
[WhiteTitle "GM"]
[BlackTitle "FM"]
[WhiteElo "2580"]
[BlackElo "2198"]
[WhiteFideId "13515110"]
[BlackFideId "44518072"]
[EventDate "2025.06.17"]

1. e4 c6 2. d4 d5 3. e5 c5 4. c3 Nc6 5. Be2 Bf5 6. Nf3 e6 7. O-O cxd4 8. cxd4
Nge7 9. Nc3 Bg4 10. Nh4 Bxe2 11. Nxe2 Ng6 12. Nf3 Be7 13. g3 O-O 14. h4 f6 15.
Nf4 Nxf4 16. Bxf4 fxe5 17. dxe5 Qb6 18. Qd2 Rac8 19. Rac1 a5 20. Kg2 Qb5 21. h5
a4 22. h6 g6 23. a3 Qb6 24. Be3 Qa6 25. Rfe1 Na5 26. Rxc8 Rxc8 27. Bg5 Nc4 28.
Qc3 Bc5 29. Bf6 Qb6 30. Re2 Bf8 31. Ng5 Bxh6 32. Qf3 Bxg5 33. Bxg5 Rf8 34. Bf6
Qc6 35. Kh2 Na5 36. Qf4 Qc4 37. Qh6 Rf7 38. Re1 Qc2 39. Kg1 Nc4 40. Qh3 Qf5 41.
g4 Qc2 42. g5 Qf5 43. Qg3 Rc7 44. Rc1 Qe4 45. Qh3 Qf5 46. Qc3 Qg4+ 47. Kf1 Qe4
48. Kg1 Qg4+ 49. Kh2 Qf4+ 50. Kg1 Qg4+ 1/2-1/2

[Event "Titled Tue 17th Jun Early"]
[Site "chess.com INT"]
[Date "2025.06.17"]
[Round "1"]
[White "Xalmatov, Yakubjon"]
[Black "Parpiev, Isaak"]
[Result "0-1"]
[WhiteTitle "CM"]
[BlackTitle "CM"]
[WhiteElo "2096"]
[BlackElo "2364"]
[WhiteFideId "14201615"]
[BlackFideId "34281576"]
[EventDate "2025.06.17"]

1. e4 c5 2. Nf3 d6 3. Bb5+ Nd7 4. c4 Nf6 5. Nc3 g6 6. O-O Bg7 7. d3 O-O 8. Ba4
b6 9. a3 Bb7 10. Rb1 Ng4 11. h3 Nge5 12. Nxe5 Nxe5 13. f4 Nc6 14. f5 e6 15. Bf4
Nd4 16. fxe6 fxe6 17. Qd2 Qe7 18. Bg5 Qc7 19. Rbe1 a6 20. Bd1 b5 21. Bg4 bxc4
22. dxc4 Bc6 23. Be3 Bd7 24. Kh1 Rab8 25. b4 Be5 26. bxc5 dxc5 27. Bh6 Bg7 28.
Bxg7 Kxg7 29. e5 Rxf1+ 30. Rxf1 Qxe5 31. Re1 Qc7 32. Ne4 Rf8 33. Qg5 Nf5 34. Rd1
Bc6 35. Bxf5 exf5 36. Nd6 Rf6 37. Qf4 Qd7 38. Qe5 Qe6 39. Qxc5 Bxg2+ 40. Kh2 Bf3
41. Rd2 Be4 42. Qc7+ Kh6 0-1

[Event "Titled Tue 17th Jun Early"]
[Site "chess.com INT"]
[Date "2025.06.17"]
[Round "1"]
[White "Goodrich, Elliott"]
[Black "Bulgak, Damir"]
[Result "0-1"]
[BlackTitle "CM"]
[WhiteElo "2019"]
[BlackElo "2213"]
[WhiteFideId "39902064"]
[BlackFideId "13528882"]
[EventDate "2025.06.17"]

1. e4 c5 2. Nf3 Nc6 3. d4 cxd4 4. Nxd4 Nf6 5. Nc3 e5 6. Ndb5 d6 7. Bg5 a6 8. Na3
b5 9. Bxf6 Qxf6 10. Nd5 Qd8 11. Bxb5 axb5 12. Nxb5 Ra7 13. Nxa7 Nxa7 14. O-O Be7
15. a4 O-O 16. b4 Nc6 17. b5 Na5 18. b6 Bb7 19. Nxe7+ Qxe7 20. Qd2 Ra8 21. f3
Qd8 22. Qb4 Nc6 23. Qb2 Kf8 24. Rfd1 Ke7 25. Rdb1 Ra6 26. Qb5 Qa8 27. Rd1 Nd4
28. Qb4 Qd8 29. Rab1 Nxc2 30. Qc3 Nd4 31. Kf2 Rxb6 32. a5 Rxb1 33. Rxb1 Qd7 34.
Rb6 Bc6 35. a6 Qc7 36. Qb4 Ba8 37. Qb2 f5 38. exf5 Nxf5 39. Rb7 Bxb7 40. Qxb7
Kd7 41. Qb5+ Qc6 42. Qb3 Qc5+ 43. Ke1 Qc1+ 44. Kf2 Qd2+ 45. Kf1 Ne3+ 46. Qxe3
Qxe3 47. a7 Qxa7 48. g4 Qa6+ 49. Kg2 Qb6 50. Kh3 Qb2 51. Kg3 Qd4 52. h4 Qc3 53.
h5 e4 54. g5 Qxf3+ 55. Kh4 Qf4+ 56. Kh3 Qxg5 57. Kh2 e3 0-1

[Event "Titled Tue 17th Jun Early"]
[Site "chess.com INT"]
[Date "2025.06.17"]
[Round "1"]
[White "Mitrabha, Guha"]
[Black "Peczely, Sebastian Zsombor"]
[Result "1-0"]
[WhiteTitle "GM"]
[BlackTitle "FM"]
[WhiteElo "2515"]
[BlackElo "2309"]
[WhiteFideId "5057000"]
[BlackFideId "750964"]
[EventDate "2025.06.17"]

1. Nf3 Nf6 2. c4 e6 3. g3 d5 4. Bg2 Be7 5. O-O O-O 6. b3 a6 7. d4 b5 8. c5 Ne4
9. Bf4 a5 10. a3 Nc6 11. Qc2 Bf6 12. Rd1 g5 13. Be3 Bg7 14. Ne1 f5 15. f3 f4 16.
fxe4 fxe3 17. e5 Nxd4 18. Rxd4 Bxe5 19. Qd3 Qf6 20. Nf3 g4 21. Rxg4+ Kh8 22. Ra2
d4 23. Qxb5 Ba6 24. Qc6 Rab8 25. Qxa6 Rxb3 26. Nbd2 exd2 27. Rxd2 Rb1+ 28. Kf2
Qh6 29. Qd3 Rb3 30. Qxb3 Qxd2 31. Qd3 Qc1 32. Rh4 Rf7 33. Bh3 Qxc5 34. Kg2 Bf6
35. Rf4 e5 36. Rf5 Qd5 37. e4 Qd6 38. Bg4 Kg7 39. h4 c5 40. Qc4 d3 41. Nd2 Rb7
42. Qc3 Qd4 43. Qxd4 cxd4 44. Rf3 Rb2 45. Rxd3 Be7 46. Kh3 Kf6 47. Nc4 Rc2 48.
Rf3+ Kg7 49. Nxe5 Bd6 50. Nd3 Rc3 51. e5 Bxa3 52. e6 1-0

[Event "Titled Tue 17th Jun Early"]
[Site "chess.com INT"]
[Date "2025.06.17"]
[Round "1"]
[White "Perry, Patrick"]
[Black "Negrean, Andrei"]
[Result "0-1"]
[BlackTitle "FM"]
[WhiteElo "2296"]
[BlackElo "2352"]
[WhiteFideId "30917727"]
[BlackFideId "1291513"]
[EventDate "2025.06.17"]

1. e4 c5 2. d4 cxd4 3. Nf3 e5 4. c3 d5 5. cxd4 exd4 6. Qxd4 Nc6 7. Bb5 dxe4 8.
Qxe4+ Qe7 9. Nc3 Nf6 10. Qxe7+ Bxe7 11. O-O O-O 12. Re1 Bc5 13. Be3 Bxe3 14.
Rxe3 Bd7 15. Rae1 a6 16. Ba4 b5 17. Bb3 Na5 18. Nd5 Nxb3 19. Nxf6+ gxf6 20. Rxb3
Be6 21. Ra3 b4 22. Ra5 Rfc8 23. Nd4 Rc4 24. Nxe6 fxe6 25. g3 Kf7 26. Re2 e5 27.
Rd5 Ke6 28. Rdd2 a5 29. Rc2 Rac8 30. Rxc4 Rxc4 31. b3 Rc3 32. Rd2 e4 33. Kf1 Ke5
34. Ke2 f5 35. Kd1 Rc7 36. Rd8 Ra7 37. Kd2 Ra6 38. Re8+ Kf6 39. Rf8+ Kg5 40. h3
Rd6+ 41. Ke2 Rc6 42. Kd2 Rc3 43. Ra8 Rc5 44. Rg8+ Kf6 45. Rf8+ Kg6 46. Rg8+ Kf7
47. Rh8 Kg7 48. Rd8 Kg6 49. Rg8+ Kf6 50. Rf8+ Ke5 51. Re8+ Kd4 52. Rd8+ Rd5 53.
Rxd5+ Kxd5 54. Ke3 Ke5 55. f3 exf3 56. Kxf3 Kd4 57. Kf4 Kc3 58. Kxf5 Kb2 59. g4
Kxa2 60. g5 Kxb3 61. h4 Ka3 62. h5 b3 63. g6 hxg6+ 64. hxg6 b2 65. g7 b1=Q+ 66.
Kf6 Qb3 67. Ke7 Qg8 0-1

[Event "Titled Tue 17th Jun Early"]
[Site "chess.com INT"]
[Date "2025.06.17"]
[Round "1"]
[White "Sorokin, Aleksey"]
[Black "Krzywda, Andrzej"]
[Result "1-0"]
[WhiteTitle "GM"]
[BlackTitle "CM"]
[WhiteElo "2530"]
[BlackElo "2175"]
[WhiteFideId "24176460"]
[BlackFideId "1114565"]
[EventDate "2025.06.17"]

1. d4 d5 2. c4 e6 3. Nc3 Nf6 4. cxd5 exd5 5. Bg5 c6 6. e3 h6 7. Bh4 Be7 8. Bd3
O-O 9. Qc2 Re8 10. Nf3 Ne4 11. Bxe4 dxe4 12. Qxe4 f5 13. Bxe7 fxe4 14. Bxd8 exf3
15. Bc7 fxg2 16. Rg1 Bh3 17. Ne2 Na6 18. Nf4 Bf5 19. Be5 Be4 20. a3 Nc5 21. Rd1
Bf3 22. Rc1 Nd7 23. Bd6 Nf6 24. Nxg2 Rad8 25. Be5 Ng4 26. Bg3 Rxd4 27. h3 Nf6
28. Nh4 Bd5 29. Nf5 Rd3 30. Bf4 Nh5 31. Bxh6 Be4 32. Nxg7 Nxg7 33. Bxg7 Kh7 34.
Bd4 Bg6 35. Rg4 Bh5 36. Rh4 Kg6 37. Rf4 Rb3 38. Kf1 Rb5 39. h4 Rf5 40. Rxf5 Kxf5
41. Rc5+ Kg6 42. Rg5+ Kh6 43. Bg7+ Kh7 44. Rxh5+ Kxg7 45. Ke2 b6 46. f4 c5 47.
Re5 Rd8 48. h5 Rd7 49. Rg5+ Kf6 50. Rg6+ Kf5 51. Kf3 Rd3 52. Rc6 Rb3 53. h6 c4
54. h7 c3 55. e4# 1-0

[Event "Titled Tue 17th Jun Early"]
[Site "chess.com INT"]
[Date "2025.06.17"]
[Round "1"]
[White "Jake Shanty"]
[Black "Guerrero Cataldo, Juan Andres"]
[Result "1-0"]
[WhiteTitle "FM"]
[BlackTitle "CM"]
[WhiteElo "2252"]
[BlackElo "2082"]
[WhiteFideId "33478066"]
[BlackFideId "3421260"]
[EventDate "2025.06.17"]

1. Nf3 d5 2. e3 Nf6 3. b3 Bg4 4. Bb2 e6 5. Be2 Be7 6. O-O O-O 7. d4 c5 8. dxc5
Bxc5 9. Nbd2 Nc6 10. c4 dxc4 11. Nxc4 Qxd1 12. Rfxd1 Rfd8 13. h3 Bh5 14. Rac1
Be7 15. g4 Bg6 16. Nfe5 Be4 17. f3 Bd5 18. Nxc6 Bxc6 19. Ne5 Rxd1+ 20. Rxd1 Bc5
21. Kf2 Nd5 22. Bd4 Bb6 23. Bc4 f6 24. Nxc6 bxc6 25. a4 Kf7 26. Bxb6 axb6 27. e4
Ne7 28. Rd6 b5 29. axb5 cxb5 30. Bxe6+ Kf8 31. h4 Ra2+ 32. Kg3 g5 33. Rd8+ Kg7
34. Rd7 Kf8 35. h5 h6 36. Rb7 Nc6 37. Rf7+ Ke8 38. Rxf6 Nd4 39. Bd5 Ra1 40. Kf2
Rb1 41. Ke3 Nxb3 42. Rxh6 Nc5 43. Rc6 Nd7 44. h6 Rh1 45. Rc8+ Ke7 46. Rh8 b4 47.
Rh7+ Kd6 48. Kd4 Rd1+ 49. Kc4 Rf1 50. Rg7 b3 51. Kxb3 Rxf3+ 52. Kb4 Rh3 53. h7
Nf6 54. Bg8 Nxe4 55. Kc4 Ke5 56. Re7+ Kf4 57. Kd4 Nf6 58. Rf7 Kxg4 59. Rxf6 Rh1
60. Rf8 Kg3 61. Ke5 g4 62. Kf6 Rf1+ 63. Kg7 Rh1 64. h8=Q Rxh8 65. Kxh8 Kh2 66.
Bd5 g3 67. Kg7 g2 68. Bxg2 1-0

[Event "Titled Tue 17th Jun Early"]
[Site "chess.com INT"]
[Date "2025.06.17"]
[Round "1"]
[White "Disconzi da Silva, Rodrigo"]
[Black "Hayrapetyan, Edgar"]
[Result "1-0"]
[WhiteTitle "IM"]
[BlackTitle "FM"]
[WhiteElo "2331"]
[BlackElo "2161"]
[WhiteFideId "2100991"]
[BlackFideId "13313568"]
[EventDate "2025.06.17"]

1. d4 Nf6 2. c4 d6 3. Nc3 Bf5 4. f3 Bg6 5. e4 e6 6. Be3 Nc6 7. Qd2 Be7 8. Bd3 e5
9. Nge2 O-O 10. O-O Nh5 11. g4 Nf6 12. d5 Nb4 13. h4 h5 14. g5 Nd7 15. Bb1 f6
16. a3 Na6 17. Ng3 fxg5 18. Bxg5 Bxg5 19. Qxg5 Qxg5 20. hxg5 Nac5 21. Bc2 Nb6
22. b4 Ncd7 23. Bd3 a5 24. Kg2 Be8 25. Nb5 Rc8 26. Nf5 Kf7 27. bxa5 Na4 28.
Nbxd6+ cxd6 29. Nxd6+ Kg6 30. Nxc8 Ndc5 31. Bc2 Nc3 32. Ne7+ Kxg5 33. Rf2 g6 34.
Rg1 Kf6 35. d6 Ne6 36. Nd5+ Nxd5 37. exd5 Nf4+ 38. Kh2 Bd7 39. Rb1 Bc8 40. Be4
Kg5 41. c5 Rf6 42. Rfb2 Kh4 43. Rxb7 g5 44. Rc7 g4 45. Rxc8 g3+ 46. Kh1 Kh3 47.
Rb2 h4 48. Rg8 Nxd5 49. Bxd5 e4 50. Bxe4 Rf4 51. Rg4 Rxe4 52. Rxe4 g2+ 53. Kg1
Kg3 54. Rg4+ Kh3 55. Rxh4+ Kg3 56. Rxg2+ Kxf3 57. d7 1-0

[Event "Titled Tue 17th Jun Early"]
[Site "chess.com INT"]
[Date "2025.06.17"]
[Round "1"]
[White "Kholyavko, Mariya"]
[Black "Arabidze, Meri"]
[Result "0-1"]
[WhiteTitle "WFM"]
[BlackTitle "IM"]
[WhiteElo "2175"]
[BlackElo "2440"]
[WhiteFideId "13748505"]
[BlackFideId "13604040"]
[EventDate "2025.06.17"]

1. d4 Nf6 2. Nf3 e6 3. Bf4 d5 4. e3 Bd6 5. Bg3 c5 6. c3 Nc6 7. Nbd2 O-O 8. Bd3
b6 9. O-O Bb7 10. Ne5 Qc7 11. f4 Ne7 12. Bh4 Ne4 13. Bxe4 dxe4 14. Ndc4 Nf5 15.
Nxd6 Qxd6 16. Bf2 Ba6 17. Re1 f6 18. Nf3 exf3 19. Qxf3 cxd4 20. exd4 Bc4 21. g4
Bd5 22. Qh3 Ne7 23. Bg3 Qd7 24. Re3 b5 25. Qf1 a6 26. Qe2 Rae8 27. b3 Ng6 28.
Re1 Rc8 29. c4 bxc4 30. bxc4 Bxc4 31. Qb2 Bd5 32. Qf2 Rfe8 33. Qe2 Nf8 34. h4
Rc4 35. f5 Rec8 36. fxe6 Nxe6 37. Bf2 Rc2 38. Qf1 Nf4 39. Rg3 Rxa2 40. Be3 Ne6
41. g5 Rcc2 42. gxf6 Rg2+ 43. Rxg2 Rxg2+ 44. Qxg2 Bxg2 45. Kxg2 gxf6 46. Rd1
Qd5+ 47. Kf2 a5 48. Rg1+ Kf7 49. Rc1 a4 50. Ra1 Qb3 51. d5 Ng7 52. d6 Nf5 53. d7
Qxe3+ 54. Kg2 Qd2+ 55. Kh3 Qxd7 56. Rxa4 Qxa4 57. h5 Qh4+ 58. Kg2 Qxh5 59. Kf2
Qh3 60. Ke1 Qh2 0-1

[Event "Titled Tue 17th Jun Early"]
[Site "chess.com INT"]
[Date "2025.06.17"]
[Round "1"]
[White "Rahman, Masruri"]
[Black "Chernyavsky, Alexander"]
[Result "1-0"]
[WhiteTitle "FM"]
[BlackTitle "FM"]
[WhiteElo "2407"]
[BlackElo "2332"]
[WhiteFideId "7101163"]
[BlackFideId "24131156"]
[EventDate "2025.06.17"]

1. d4 d5 2. Bf4 c5 3. e3 Nc6 4. Nf3 cxd4 5. exd4 Bg4 6. c3 e6 7. Nbd2 f6 8. Qb3
Qd7 9. Be2 g5 10. Bg3 Bf5 11. h4 g4 12. Nh2 h5 13. Nhf1 Bh6 14. Ne3 Bg6 15. a4
f5 16. Be5 Nxe5 17. dxe5 Ne7 18. Qa3 Bf4 19. Nb3 Bxe5 20. Nc5 Qc8 21. Nd3 Bb8
22. Rd1 Nc6 23. Qb3 O-O 24. Nc5 Na5 25. Qb5 b6 26. Nd3 Bd6 27. Nb4 Be8 28. Qd3
Bxa4 29. Ra1 Bb3 30. O-O Nc4 31. Nxc4 Bxc4 32. Qd2 Bxe2 33. Qxe2 Rf6 34. Nc2 f4
35. Nd4 f3 36. Qd3 fxg2 37. Kxg2 Qd7 38. Ra6 Raf8 39. b4 Bb8 40. Ra2 Qd6 41. Rh1
e5 42. Nb5 Qd7 43. c4 d4 44. Qe4 Qf7 45. Qd5 Qxd5+ 46. cxd5 e4 47. Nxd4 Rd6 48.
Nc6 Rxd5 49. Ne7+ 1-0

[Event "Titled Tue 17th Jun Early"]
[Site "chess.com INT"]
[Date "2025.06.17"]
[Round "1"]
[White "Lima, Artur Tin Lun Dai"]
[Black "Sethuraman, Roshan"]
[Result "1/2-1/2"]
[WhiteElo "1946"]
[BlackElo "2074"]
[WhiteFideId "22773150"]
[BlackFideId "30965250"]
[EventDate "2025.06.17"]

1. e4 c5 2. Nf3 d6 3. d4 cxd4 4. Nxd4 Nf6 5. Nc3 a6 6. Rg1 e5 7. Nb3 Be6 8. g4
d5 9. exd5 Nxd5 10. Nxd5 Qxd5 11. Qxd5 Bxd5 12. Be3 Nc6 13. c3 O-O-O 14. O-O-O
Be7 15. Nd2 Kc7 16. Bc4 f6 17. Bxd5 Rxd5 18. Ne4 Rhd8 19. Rxd5 Rxd5 20. h4 Nd8
21. h5 h6 22. Ng3 Ne6 23. Nf5 Bf8 24. Kc2 Ng5 25. Bxg5 hxg5 26. f3 Kc6 27. Re1
Rd7 28. Re4 b5 29. a4 Kb6 30. axb5 axb5 31. Re3 Kc5 32. Rd3 Rd5 33. Rxd5+ Kxd5
34. Kd3 Kc5 35. b4+ Kd5 36. Ne3+ Ke6 37. Nf5 Kd5 38. Ne3+ Kd6 39. Ke4 Ke6 40.
Nd5 Kd6 41. h6 gxh6 42. Nxf6 Ke6 43. Nd5 Bd6 44. Ne3 Bf8 45. Nf5 Kf6 46. Kd5 h5
47. Kc6 e4 48. fxe4 h4 49. Kd5 Kg6 50. e5 h3 51. Ke6 h2 52. Ng3 Bg7 53. Nh1 Bh8
54. Nf2 Bg7 55. Nh1 Bh8 56. Kd5 Kf7 57. Kd6 Bg7 58. e6+ Ke8 59. Kc5 Bxc3 60.
Kxb5 Ke7 61. Kc4 Be5 62. Kd5 Bb8 63. b5 Bf4 64. b6 Bb8 65. Nf2 Bg3 66. Nh1 Bf4
67. Nf2 Be3 68. Nh1 Bxb6 69. Ke5 Bc7+ 70. Kf5 Bf4 71. Nf2 Bg3 72. Nh1 Bh4 73.
Ke5 Bg3+ 74. Kf5 Bf4 75. Nf2 Be3 76. Nh1 Bf4 1/2-1/2

[Event "Titled Tue 17th Jun Early"]
[Site "chess.com INT"]
[Date "2025.06.17"]
[Round "1"]
[White "Gu, Xiaobing"]
[Black "Rothuis, Vincent"]
[Result "0-1"]
[WhiteTitle "WGM"]
[BlackTitle "IM"]
[WhiteElo "2148"]
[BlackElo "2346"]
[WhiteFideId "8602611"]
[BlackFideId "1011936"]
[EventDate "2025.06.17"]

1. e4 c5 2. Nf3 e6 3. c4 Nc6 4. d4 cxd4 5. Nxd4 Nf6 6. Nc3 Bc5 7. Nxc6 dxc6 8.
Qxd8+ Kxd8 9. Bg5 e5 10. O-O-O+ Kc7 11. f3 Be6 12. Na4 Bd4 13. Bh4 Rad8 14. Be2
Rhg8 15. b4 g5 16. Bg3 Nh5 17. Kc2 Nf4 18. Bxf4 gxf4 19. Bf1 a5 20. a3 axb4 21.
axb4 Ra8 22. Nc3 Ra3 23. Ne2 Ra2+ 24. Kb1 Rxg2 25. Bxg2 Rxe2 26. Bf1 Rb2+ 27.
Kc1 Rxb4 28. Be2 Bxc4 29. Bxc4 Rxc4+ 30. Kb1 Rc3 31. Rc1 Rxf3 32. Rhf1 Rb3+ 33.
Kc2 Rb2+ 34. Kd3 b5 35. Rb1 Rxb1 36. Rxb1 Kb6 37. h4 c5 38. h5 c4+ 39. Kc2 Kc5
40. Rf1 b4 41. Rf3 b3+ 42. Kb1 Kb4 43. h6 c3 44. Rh3 c2+ 45. Kc1 Be3+ 46. Rxe3
fxe3 0-1

[Event "Titled Tue 17th Jun Early"]
[Site "chess.com INT"]
[Date "2025.06.17"]
[Round "1"]
[White "Mihajlovskij, Sergei"]
[Black "Principe, Gerson"]
[Result "1-0"]
[BlackTitle "FM"]
[WhiteElo "2292"]
[BlackElo "2176"]
[WhiteFideId "13500805"]
[BlackFideId "3804550"]
[EventDate "2025.06.17"]

1. e4 c5 2. Nf3 e6 3. d4 cxd4 4. Nxd4 Nf6 5. Nc3 Nc6 6. Nxc6 bxc6 7. e5 Nd5 8.
Ne4 Qc7 9. f4 Qb6 10. c4 Bb4+ 11. Ke2 f5 12. Nf2 Ba6 13. Kf3 Ne7 14. Be3 Bc5 15.
Bxc5 Qxc5 16. Qd6 Qa5 17. h4 Rd8 18. Be2 Nc8 19. Qd1 d5 20. cxd5 Rxd5 21. Qe1
Bxe2+ 22. Qxe2 O-O 23. Rhd1 Nb6 24. Qc2 Rc8 25. b3 c5 26. Rxd5 Nxd5 27. Qc4 Qd2
28. g3 h6 29. Rd1 Qa5 30. Rxd5 exd5 31. Qxd5+ Kh8 32. e6 Qb6 33. Qxf5 Re8 34.
Nd3 Qxe6 35. Qxe6 Rxe6 36. Nxc5 Rc6 37. b4 Rb6 38. a3 a5 39. Nd3 axb4 40. axb4
Kg8 41. Ke4 Kf7 42. Kd4 Rb8 43. h5 Kf6 44. g4 Rd8+ 45. Ke4 Re8+ 46. Ne5 Rb8 47.
Nc6 Rb6 48. Kd5 Rb5+ 49. Kc4 Rb7 50. Kc5 g6 51. hxg6 Kxg6 52. b5 Rd7 53. b6 Rd1
54. b7 Rc1+ 55. Kb5 Rb1+ 56. Nb4 1-0

[Event "Titled Tue 17th Jun Early"]
[Site "chess.com INT"]
[Date "2025.06.17"]
[Round "1"]
[White "Caku, Kler"]
[Black "Mullodzhanov, Nathaniel"]
[Result "0-1"]
[WhiteTitle "WFM"]
[WhiteElo "2010"]
[BlackElo "1927"]
[WhiteFideId "4704703"]
[BlackFideId "30961580"]
[EventDate "2025.06.17"]

1. e4 c5 2. Nf3 d6 3. d4 cxd4 4. Nxd4 Nf6 5. Nc3 a6 6. Be2 e5 7. Nb3 Be7 8. O-O
O-O 9. Qd3 Be6 10. Be3 Nbd7 11. Rad1 Rc8 12. Nd5 Bxd5 13. exd5 Nb6 14. Bxb6 Qxb6
15. c4 g6 16. h3 Nd7 17. Rfe1 f5 18. Qc3 Rc7 19. Qa5 Qxa5 20. Nxa5 e4 21. Nb3
Bf6 22. Nd4 Bxd4 23. Rxd4 Ne5 24. Rc1 Rfc8 25. b3 b5 26. Kf1 Kf7 27. Ke1 a5 28.
Kd2 a4 29. Ke3 axb3 30. axb3 Ra7 31. Kd2 Ra3 32. Rb1 Ra2+ 33. Kd1 b4 34. Rc1 Nd7
35. Rd2 Ra3 36. Rb1 Nc5 37. Rdb2 Rca8 38. Kc2 Kf6 39. Bd1 Ra2 40. Be2 Ke5 41.
Kc1 Nxb3+ 42. Rxb3 Rxe2 43. Rxb4 Rxf2 44. R4b2 Ra2 45. Rxa2 Rxa2 46. Rb7 Kd4 47.
Rd7 Kc3 48. Kb1 Rxg2 49. Rxd6 e3 50. Re6 e2 51. d6 Rg1+ 52. Ka2 e1=Q 53. Rxe1
Rxe1 54. c5 Rd1 55. Ka3 Ra1# 0-1

[Event "Titled Tue 17th Jun Early"]
[Site "chess.com INT"]
[Date "2025.06.17"]
[Round "1"]
[White "Kurmangaliyeva, Liya"]
[Black "Kiseleva, Arina"]
[Result "1-0"]
[WhiteTitle "FM"]
[BlackTitle "WCM"]
[WhiteElo "2276"]
[BlackElo "1994"]
[WhiteFideId "13725831"]
[BlackFideId "4164989"]
[EventDate "2025.06.17"]

1. d4 Nf6 2. c4 e6 3. Nf3 Bb4+ 4. Nbd2 O-O 5. g3 d6 6. Bg2 Qe7 7. O-O Bxd2 8.
Nxd2 e5 9. d5 a5 10. b3 Na6 11. Bb2 Nc5 12. a3 Bg4 13. h3 Bh5 14. Re1 Nd3 15.
exd3 Bxd1 16. Raxd1 Qd7 17. d4 exd4 18. Bxd4 Rfe8 19. Rf1 Qf5 20. g4 Qg6 21. Kh2
h5 22. f3 Re2 23. Kg3 Qc2 24. Bxf6 gxf6 25. Ne4 Rxg2+ 26. Kh4 hxg4 27. Nxf6+ Kg7
28. Nh5+ Kf8 29. fxg4 Rf2 30. Rfe1 Re8 31. Rg1 Rg2 32. Rgf1 Ree2 33. Rd4 Ref2
34. Re1 Qxb3 35. Rde4 Re2 36. R1xe2 Rxe2 37. Rxe2 Qxc4 38. Rf2 Qxd5 39. Rf5 Qe6
40. Nf4 Qh6+ 41. Kg3 c6 42. g5 Qh7 43. Rf6 Qg7 44. Kg4 Qh8 45. h4 Ke7 46. h5 d5
47. Kf5 d4 48. h6 Qh7+ 49. Ke5 Qc2 50. g6 1-0

[Event "Titled Tue 17th Jun Early"]
[Site "chess.com INT"]
[Date "2025.06.17"]
[Round "1"]
[White "Zakirov, Musa"]
[Black "Melamed, Daniel"]
[Result "0-1"]
[WhiteTitle "FM"]
[BlackTitle "CM"]
[WhiteElo "2209"]
[BlackElo "2047"]
[WhiteFideId "44189222"]
[BlackFideId "3229076"]
[EventDate "2025.06.17"]

1. e4 c5 2. Nf3 e6 3. d4 cxd4 4. Nxd4 Nf6 5. Nc3 Nc6 6. Nxc6 bxc6 7. e5 Nd5 8.
Ne4 Qc7 9. f4 Qb6 10. c4 Bb4+ 11. Ke2 f5 12. Nf2 Ba6 13. Kf3 Ne7 14. Be3 Bc5 15.
Bxc5 Qxc5 16. Qd6 Qxd6 17. exd6 Ng8 18. b3 c5 19. Nd3 Bb7+ 20. Ke3 Rc8 21. Be2
Nf6 22. Bf3 Ne4 23. Bxe4 Bxe4 24. Rhd1 Rg8 25. g3 Bxd3 26. Rxd3 g5 27. Rf1 g4
28. Kd2 h5 29. Kc3 Rh8 30. a4 h4 31. a5 hxg3 32. hxg3 Rh2 33. Ra1 Rc6 34. a6 Kf7
35. Ra5 Rg2 36. Rb5 Rxa6 37. Rb7 Raa2 38. Rxd7+ Kf6 39. Rd1 Rxg3+ 40. Rd3 Rgg2
41. Rd1 Rac2+ 42. Kd3 Rb2 43. Kc3 Rbc2+ 44. Kd3 Rcf2 45. Kc3 Rg3+ 46. Rd3 Rxd3+
47. Kxd3 Rxf4 48. Ke3 Rd4 49. b4 Rxc4 50. bxc5 Rxc5 51. Rxa7 Rd5 52. d7 Ke7 53.
Kf4 Rxd7 54. Ra4 Kf6 55. Kg3 Rd3+ 56. Kh4 Rh3# 0-1